000 00924nam a22002297a 4500
005 20240530110508.0
008 151021s2011 ua a f 000 e ara d
017 _a2011/9613
_bمصر . دار الكتب المصرية
040 _aEG-CaGPL
082 0 4 _221
_a814.008
_bق/ع ض
100 0 _aعبدالحليم قنديل
245 1 0 _aضد الرئيس :
_bاخطار حملة مقالات ضد حكم العائلة /
_cعبدالحليم قنديل
250 _aط1.
260 _aالقاهرة :
_bمكتبة جزيرة الورد ،
_c2011 .
300 _a528 ص ؛
_c24 سم .
650 0 4 _aثورة 25 يناير .
650 0 4 _aالفساد السياسى
_vمقالات .
_zمصر
650 0 4 _aالفساد السياسى
_yعصر مبارك .
_zمصر
651 0 4 _aمصر
_xالاحوال السياسية
_yعصر مبارك .
942 _2ddc
_cBK
999 _c61606
_d61606